Регионална библиотека "Любен Каравелов" - Русе

Титаник (Запис номер 22034)

MARC детайли
000 -Лидер
Контролно поле с фиксирана дължина 01113nam a2200325 c 4500
003 - Код на организацията, давaща контролен номер
Контролно поле BLK
005 - Дата и час на последна редакция
Контролно поле 20180420215731.0
008 - Елементи от данни с фиксирана дължина
fixed length control field 180413b bul|||||r ||||||| ||bul||
010 ## - Наследен системен номер
LC control number KNG00024369000
040 ## - Източник на каталожния запис
Идентификатор на билиотеката - собственик на записа BLK
041 ## - Код за език
Код за езика на текст/звукозапис или на отделно заглавие Български
Код за езика КДБФ Български
080 ## - УДК
Текстов определител УДК Морско корабоплаване
УДК код - определител по УДК 656.61
УДК определител .08(091)
УДК - код + определител 656.61.08(091)
100 1# - Редна дума - Автор
Автор Масон, Филип
Авторска отговорност първи автор
R(LIN) 266110
139 ## - Редно поле
Редна дума Масон, Филип
Авторски знак Мас - М 37
245 10 - Сведения за заглавието
Заглавие Титаник
Редно поле (дума) Филип Масон.
257 ## - Страна на издаване
Страна на създаване/издаване Франция
260 ## - Област на издателските данни
-- София
Име на издателя, разпространителя и проч. Библ. 48
Година на издаване 1998
Печатница В. Търново : Абагар
300 ## - Физическа характеристика
Страници 192 с.
Илюстрации и др. със сх., 4 л. ил., табл.
Размери/Мащаб 20 см
380 ## - Жанр
Жанр Техника
490 1# - СЕРИИ (Колекции)
Име на серия Библиотека 48
500 ## - Общи забележки
Забележка Други прев. : Хр. Даиев, Е. Петрова, М. Миланов. - 2 000 тир.
650 #4 - Допълнително описание по предмет – тема
Основно описание – тема или топоним Корабокрушения - история
9 (RLIN) 159412
653 ## - Ключова дума – ненормативна
Ключова дума корабокрушения
653 ## - Ключова дума – ненормативна
Ключова дума Титаник
852 ## - Местоположение
Форматна сигнатура Цб 196967
856 4# - Електронен адрес и достъп
Електронен формат pdf - файл
Път до файла /url/
856 4# - Електронен адрес и достъп
Електронен формат pdf - файл
Път до файла /url/
942 ## - АРТИКУЛИ
Вид на библиотечния материал Книги
Скрит в OPAC Не
944 ## - СЪЗДАВАНЕ И РЕДАКЦИЯ на ЗАПИСА
Създаване/Редакция Създаване
Дата на регистрацията/редакция 15.01.2003
Служител, извършил регистрацията/редакцията AB_DOS
944 ## - СЪЗДАВАНЕ И РЕДАКЦИЯ на ЗАПИСА
Създаване/Редакция Редакция
Дата на регистрацията/редакция 15.01.2003
Служител, извършил регистрацията/редакцията
999 ## - СИСТЕМНИ КОНТРОЛНИ НОМЕРА
Koha biblionumber 22034
Koha biblioitemnumber 22034
Наличности
Код за отписване Код за изгубен артикул Източник на класификационната схема Код за повреда Коз за рестрикции Код за отдаване Артикулен № Име на библиотеката - собственик Име на библиотеката, в която се намира в момента Статус (Текущо местоположение) Дата на вписване в системата Местоположение - отдел Цена в лева Инвентарен номер Систематично азбучна сигнатура Баркод Номер на екземпляра Цена в евро Служебна бележка Служебен тип на артикула
  Не е изгубен Universal Decimal Classification Не е повреден без рестрикции заемане за дома 36425 Регионална библиотека "Любен Каравелов" Русе Регионална библиотека "Любен Каравелов" Русе Заемна - подръчен фонд 2001-01-01 Заемна - подръчен фонд 3.20 640688 П 656/М 37 120000640688 1 1.64 Дата инв: 06.02.2018 Бележки инв: П2018 Книги
Изтеглен Не е изгубен Universal Decimal Classification Не е повреден без рестрикции заемане за дома 36426 Регионална библиотека "Любен Каравелов" Русе Регионална библиотека "Любен Каравелов" Русе Заемна - подръчен фонд 2001-01-01 Заемна - подръчен фонд 3.20 640689 П 656/М 37 640689 2 1.64 Дата инв: 06.02.2018 Бележки инв: П2018 Книги
  Не е изгубен Universal Decimal Classification Не е повреден без рестрикции ползва се в читалня 36427 Регионална библиотека "Любен Каравелов" Русе Регионална библиотека "Любен Каравелов" Русе Хранилище 2001-01-01 Хранилище 0.00 644232 Цб 196967 120000644232 3 0.00   Книги
Vip Innovations Ltd, Rousse, Bulgaria 2025